Statistiken für Jeder Toptorjäger von jedem Land in der WM 2022

Klicken Sie hier um das Quiz zu spielen!

Allgemein

  • Dieses Quiz wurde 135 mal gespielt
  • Das Durchschnittsergebnis liegt bei 11 aus 32

Antwortstatistiken

HintAntwort% Korrekt
ArgentinienMessi
95%
FrankreichMbappe
90%
DeutschlandFüllkrug
80%
PolenLewandowski
77%
WalesBale
64%
EcuadorValencia
57%
NiederlandeGakpo
56%
SpanienMorata
56%
BrasilienRicharlison
50%
EnglandRashford
46%
KanadaDavies
45%
PortugalRamos
45%
KroatienKramaric
33%
KamerunAboubakar
32%
IranTaremi
30%
JapanDoan
27%
SerbienMitrovic
25%
SchweizEmbolo
24%
SenegalDia
22%
MarokkoEn-Nesyri
20%
Saudia RabienAl-Dawsari
13%
Süd KoreaCho
13%
BelgienBatshuayi
11%
TunesienKhazri
11%
GhanaKudus
10%
UsaWright
7%
Costa RicaFuller
6%
MexicoMartin
6%
DänemarkChristensen
5%
KatarMuntari
4%
UruguayArrascaeta
2%
AustralienDunke
0%

Verteilung der Resultate

Perzentil nach korrekt beantworteten Fragen

Anzahl Personen mit jedem Resultat

Ihre Resultats-Entwicklung

Sie haben dieses Quiz noch nicht gespielt